00516nam a2200193 a 4500001001300000003000900013005001700022008004100039020001000080082001300090100002100103245004900124260005700173300000900230500003500239505001000274650001700284700002100301nice12345678IN_TiNIC20260116013047.0050524s1967 nota grp 000 0 eng  ac34300a232bBRA aBravo, Francisco aChrist in the Thought of Teilhard De Chardin aNotre Dame inbUniversity of Notre Dame Press c1967 a163p aincludes index and biblioraphy2 aIndex aJesus Christ1 aBravo, Francisco